Certifikace vedou k efektivnějším procesům

Certifikáty kvality v logistike. Manažment kvality - certifikácia podľa ISO 9001. Ochrana životného prostredia, triedenie a vedenie evidencie odpadov - ISO 14001. Bezpečnosť logistických systémov podľa TAPA (Transport asset protection association). Certifikáty AEO, ktoré udeľuje colná správa. Certif...

Full description

Saved in:
Bibliographic Details
Main Author: Kolář, Vojtěch
Format: Book Chapter
Language:Czech
Subjects:
Tags: Add Tag
No Tags, Be the first to tag this record!

MARC

LEADER 00000naa a2200000 4500
001 0204827
005 20231211081032.5
041 0 |a cze 
044 |a CZ 
245 1 0 |a Certifikace vedou k efektivnějším procesům  |c Vojtěch Kolář 
520 |a Certifikáty kvality v logistike. Manažment kvality - certifikácia podľa ISO 9001. Ochrana životného prostredia, triedenie a vedenie evidencie odpadov - ISO 14001. Bezpečnosť logistických systémov podľa TAPA (Transport asset protection association). Certifikáty AEO, ktoré udeľuje colná správa. Certifikácia ako konkurenčná výhoda. 
610 2 0 |a logistika 
610 2 0 |a skladovanie 
610 2 0 |a distribúcia 
610 2 0 |a riadenie kvality 
610 2 0 |a certifikácia 
610 2 0 |a certifikáty 
610 2 0 |a normy ISO 
100 1 |a Kolář, Vojtěch